1489 1154 1174 1836 1434 1923 1533 1305 1578 1948 1363 1777 1868 1080 1300 1592 1057 1964 1372 1730 1382 1744 1250 1467 1280 1894 1614 1389 1211 1348 1028 1301 1687 1317 1064 1865 1700 1361 1658 1778 1242 1582 1342 1338 1439 1064 1628 1554 1631 1374 1919 1141 1848 1568 1330 1443 1017 1429 1995 1913 1455 1902 1342 1397 1326 1669 1009 1864 1313 1363 1778 1215 1831 1154 1412 1259 1043 1950 1616 1359 1118 1187 1838 1986 1482 1794 1153 1054 1654 1810 1274 1933 1229 1703 1228 1788 1089 1474 1025 BCNSPRNW ULIB Ver.6.0+V

เปลี่ยนเป็นภาษาไทย

Change to English
 แสดงรายละเอียดบรรณานุกรม
  กลับหน้าหลัก

Brief Record : Get Marc (ISO 2709) : E-mail record : QR code < ปิดหน้าต่าง
LEADER : 00000nam 2200000uu 4500
001    13399113385
003     ULIB
008    111109s2548||||th 000 0 tha d
020    9744221372 (ล.5)
060 04 QZ200^bง311ส ล.5 2548
245 00 สถิติโรคมะเร็ง ศูนย์มะเร็ง ลำปาง ปี พ.ศ.2547 =^bHospital-based cancer registry /^cศูนย์มะเร็ง ลำปาง
246 31 Hospital-based cancer registry
260    ลำปาง :^bศูนย์มะเร็ง ลำปาง,^c2548
300    55 หน้า
650  7 มะเร็ง^xสถิติและข้อมูลตัวเลข
710 2  ศูนย์มะเร็ง ลำปาง
945    ^p0^l0^i24546
995     กัณชพร
999    ^aใช้งานได้ทุกระบบ
รายการนี้ยังไม่มีแท็ก
คุณยังไม่ได้ล็อกอิน คุณสามารถมีกิจกรรมร่วมกับเว็บไซต์ได้ แต่ต้องล็อกอินก่อน ::
  ล็อกอิน

รายการสื่อสารสนเทศ

ลำดับที่ ประเภท เลขเรียก/บาร์โค้ด สถานที่ สถานะ
- ไม่พบข้อมูล -

BibComment


ยังไม่เคยถูกคอมเมนท์

คอมเมนท์ทรัพยากรรายการนี้
  คอมเมนท์: สถิติโรคมะเร็ง ศู..


 Copyright 2026. Bcnsprnw @Library